000
00310nam a22001217a 4500
040
_c
SK
082
_a
620
100
_a
NGO BUNTHAN
245
_a
STRENGTH OF MATERIALS; ភាពធន់ទ្រាំនៃសំភារៈបរិក្ខា
260
_a
RUA
_b
NGO
_c
1997
300
_a
150p.
942
_c
KB
999
_c
8803
_d
8803